Získavanie finančných zdrojov pre podnikateľskú činnosť malých a stredných podnikov : Bakalárska práca

Guardado en:
Detalles Bibliográficos
Autor principal: Gogová, Jana (Autor)
Otros Autores: Bestvinová, Viera, 1958- (xxx)
Formato: Manuscrito Libro
Lenguaje:eslovaco
Publicado: Trnava : STU v Bratislave MtF KPIM, 2005
Materias:
Etiquetas: Agregar Etiqueta
Sin Etiquetas, Sea el primero en etiquetar este registro!

MARC

LEADER 00000ntm a22000003a 4500
001 stu96048
005 20160719155315.1
008 051013s2005----xo------------------slo-d
040 |a STU  |b slo 
041 0 |a slo 
044 |a xo 
100 1 |a Gogová, Jana  |4 aut 
245 1 |a Získavanie finančných zdrojov pre podnikateľskú činnosť malých a stredných podnikov :  |b Bakalárska práca 
260 |a Trnava :  |b STU v Bratislave MtF KPIM,  |c 2005 
300 |a 49 s  |c príl., 1 CD 
650 7 |a priemyselné inžinierstvo a manažment  |2 stusub 
650 7 |a finančné zdroje  |2 stusub 
700 1 |a Bestvinová, Viera,  |d 1958-  |4 xxx  |u M4000  |U MTF Materiálovotechnologická fakulta  |T MTF Ústav priemyselného inžinierstva a manažmentu  |X 1541  |U M4000  |Y 84  |7 A000001541 
996 |b 284M062996  |c M*BP-1320  |l MMSKP  |s P  |a 0  |w stu96048_0001